Online
Catalog

Breve historia de los Estados Unidos : (Record no. 53272)

MARC details
000 -CABECERA
campo de control de longitud fija 01143nam a2200289 i 4500
003 - IDENTIFICADOR DEL NÚMERO DE CONTROL
campo de control DO-SdBNP
005 - FECHA Y HORA DE LA ÚLTIMA TRANSACCIÓN
campo de control 20230417094033.0
006 - CÓDIGOS DE INFORMACIÓN DE LONGITUD FIJA--CARACTERÍSTICAS DEL MATERIAL ADICIONAL
campo de control de longitud fija a|||||r|||| 00| 0
007 - CAMPO FIJO DE DESCRIPCIÓN FÍSICA--INFORMACIÓN GENERAL
campo de control de longitud fija ta
008 - DATOS DE LONGITUD FIJA--INFORMACIÓN GENERAL
campo de control de longitud fija 230417t1953 mx ab||gr|||| 000 u spa d
040 ## - FUENTE DE LA CATALOGACIÓN
Centro catalogador/agencia de origen DO-SdBNP
Lengua de catalogación spa
Centro/agencia transcriptor BNPHU
082 #4 - NÚMERO DE LA CLASIFICACIÓN DECIMAL DEWEY
Número de edición 22
Número de documento/Ítem N527b
245 ## - MENCIÓN DE TÍTULO
Título Breve historia de los Estados Unidos :
Resto del título biografía de un pueblo libre. /
Mención de responsabilidad, etc. Allan Nevins y Henry Steele Commager; traducción del inglés, Florentino M. Torner
246 11 - FORMA VARIANTE DE TÍTULO
Título propio/Titulo breve The pocket history of the United States :
Resto del título the story of a free people.
264 30 - PRODUCCIÓN, PUBLICACIÓN, DISTRIBUCIÓN, FABRICACIÓN Y COPYRIGHT
Producción, publicación, distribución, fabricación y copyright Nazas, México :
Nombre del de productor, editor, distribuidor, fabricante CGE,
Fecha de producción, publicación, distribución, fabricación o copyright 1953
300 ## - DESCRIPCIÓN FÍSICA
Extensión 464 páginas :
Otras características físicas ilustraciones, mapas ;
Dimensiones 20 cm.
336 ## - TIPO DE CONTENIDO
Fuente rdaconten
Término de tipo de contenido texto
Código de tipo de contenido text
337 ## - TIPO DE MEDIO
Fuente rdamedia
Nombre/término del tipo de medio sin medición
Código del tipo de medio n
338 ## - TIPO DE SOPORTE
Fuente rdacarrier
Nombre/término del tipo de soporte volumen
Código del tipo de soporte nc
500 ## - NOTA GENERAL
Nota general (Texto especialmente revisado por los autores para esta edición.)
533 ## - NOTA DE REPRODUCCIÓN
Tipo de reproducción Texto
Lugar de la reproducción México, D. F.
Institución responsable de la reproducción Imprenta Nuevo Mundo, Mexico D: F.
Fecha de la reproducción 1953
590 ## - NOTA LOCAL (RLIN)
Nota local Inventariado 2023 / MF
700 1# - PUNTO DE ACCESO ADICIONAL--NOMBRE DE PERSONA
9 (RLIN) 4390
Nombre de persona Commager, Henry Steele
700 1# - PUNTO DE ACCESO ADICIONAL--NOMBRE DE PERSONA
9 (RLIN) 45232
Nombre de persona Torner, Florentino M.
Término indicativo de función/relación traductor
710 ## - PUNTO DE ACCESO ADICIONAL--NOMBRE DE ENTIDAD CORPORATIVA
Nombre de entidad corporativa o nombre de jurisdicción como elemento de entrada compañía General de Ediciones
9 (RLIN) 83262
942 ## - ELEMENTOS DE PUNTO DE ACCESO ADICIONAL (KOHA)
Fuente del sistema de clasificación o colocación Dewey Decimal Classification
Tipo de ítem Koha Libro
Holdings
Estado de retiro Estado de pérdida Fuente del sistema de clasificación o colocación Restricciones de uso No para préstamo Código de colección Localización permanente Ubicación/localización actual Ubicación en estantería Fecha de adquisición Signatura topográfica completa Código de barras Fecha visto por última vez Precio válido a partir de Tipo de ítem Koha
    Dewey Decimal Classification Préstamo en sala   General Biblioteca Nacional Pedro Henríquez Ureña Biblioteca Nacional Pedro Henríquez Ureña En catalogación 17.04.2023 N527b 2023-1400 17.04.2023 17.04.2023 Libro

Powered by Koha